the girl who circumnavigated fairyland: (Record no. 9338)

MARC details
000 -LEADER
fixed length control field 01306nam a22001937a 4500
003 - CONTROL NUMBER IDENTIFIER
control field OSt
005 - DATE AND TIME OF LATEST TRANSACTION
control field 20260408014258.0
008 - FIXED-LENGTH DATA ELEMENTS--GENERAL INFORMATION
fixed length control field 260408b |||||||| |||| 00| 0 eng d
040 ## - CATALOGING SOURCE
Original cataloging agency DWCL GS lib
Transcribing agency OC
082 ## - DEWEY DECIMAL CLASSIFICATION NUMBER
Classification number Fic. V154g 2011
100 ## - MAIN ENTRY--PERSONAL NAME
Personal name Valente, Catherynne M.
245 ## - TITLE STATEMENT
Title the girl who circumnavigated fairyland:
Remainder of title in a ship of her own making
Statement of responsibility, etc. Catherynne M. Valente
260 ## - PUBLICATION, DISTRIBUTION, ETC.
Place of publication, distribution, etc. US
Name of publisher, distributor, etc. Constable & Robinson ltd
Date of publication, distribution, etc. c2011
300 ## - PHYSICAL DESCRIPTION
Extent 328
Other physical details illustrations
Dimensions 19cm
520 ## - SUMMARY, ETC.
Summary, etc. September is a twelve- year- old girl from omaha. With her dad fighting a faraway war, and her mum always out at work, she is lonely stuck in rut and starved of adventure. So when a green wind arrives at her own window and invites her to fairyland she accept in a flash ( mightn'y you?) But fairyland is in crisis, crushed by the iron rule of the villainous Marquess and september holds the key to restoring order. With a book- loving dragon and a mysterious boy named saturday by her side, she sets out on a thrilling quest to fix things. But time is short, and time is ticking, and every story must have an ending. Can september save fairyland? can she even save herself?
546 ## - LANGUAGE NOTE
Language note english
700 ## - ADDED ENTRY--PERSONAL NAME
Personal name Catherynne M. Valente
942 ## - ADDED ENTRY ELEMENTS (KOHA)
Source of classification or shelving scheme Dewey Decimal Classification
Koha item type CD/DVD
Classification part Fic. V154g 2011
Suppress in OPAC No
952 ## - LOCATION AND ITEM INFORMATION (KOHA)
--
Holdings
Withdrawn status Lost status Source of classification or shelving scheme Damaged status Not for loan Home library Current library Shelving location Date acquired Source of acquisition Total Checkouts Full call number Barcode Date last seen Price effective from Koha item type Uniform Resource Identifier
    Dewey Decimal Classification     Graduate School of Business and Management Library Grade School Library Fiction 04/08/2026 School Fund, Donation   Fic. V154g 2011 21796 04/08/2026 04/08/2026 TEST